00176nam a22000737a 4500003000400000245004800004260004200052300000800094SGT aJournal of scientific & industrial research bIndian National Science Academyc2019 a600